000
00324nam a22001337a 4500
008
170619b xxu||||| |||| 00| 0 eng d
020
_a
0691022046
041
_a
eng
080
_a
32
100
_a
20
101
_a
SHP
245
_a
HUMAN RIGHTS AND UNITED STATES POLICY TOWARD LATIN AMERICA
_c
SCHOULTZ,L
942
_2
udc
_c
BK
999
_c
17994
_d
17994